Entry Nombre personal
001 - NÚMERO DE CONTROL
- campo de control: 152771
003 - IDENTIFICADOR DE NÚMERO DE CONTROL
- campo de control: SpMaBN
005 - FECHA Y HORA DE LA ÚLTIMA TRANSACCIÓN
- campo de control: 20250703075626.0
008 - ELEMENTOS DE DATO DE LONGITUD-FIJA
- campo de control de longitud fija: 960922nn ainnnaabn a aac
016 ## - NÚMERO DE CONTROL DE UNA AGENCIA BIBLIOGRÁFICA NACIONAL
- Número de control del registro: BNE19998525673
040 ## - FUENTE DE CATALOGACIÓN
- Centro catalogador/agencia de origen: SpMaBN
- Lengua de catalogación: spa
- Centro/agencia transcriptor: SpMaBN
- Normas de descripción: rdc
- Convención/Normas de encabezamiento de materia/tesauro: embne
046 ## - FECHAS CON CODIFICACIÓN ESPECIAL
- Fecha de nacimiento: 1797
- Fecha de la muerte: 1871
100 1# - ENCABEZAMIENTO-NOMBRE DE PERSONA
- Nombre de persona: Pauquet, Hippolyte,
- Fechas asociadas al nombre: 1797-1871
400 1# - TRAZADO DE VÉASE--NOMBRE DE PERSONA
- Nombre de persona: Pauquet, Hippolyte Louis Émile,
- Fechas asociadas al nombre: 1797-1871
670 ## - FUENTE DE DATOS ENCONTRADOS
- Cita de la fuente: WWW Viaf BN Francia, 29-09-2016
- Información encontrada: (Pauquet, Hippolyte ; n. en Paris 28-02-1797, m. en Paris 20-03-1871 ; dessinateur, graveur au burin et lithographe)
